000
00304nam a22001337a 4500
008
170715b xxu||||| |||| 00| 0 eng d
020
_a
0314202897
041
_a
eng
080
_a
572
100
_a
24
101
_a
ANT
245
_a
INTRODUCTION TO PHYSICAL ANTHROPOLOGY
_c
JURMAIN, R
942
_2
udc
_c
BK
999
_c
21097
_d
21097